000 00810nam a2200253Ia 4500
003 OSt
005 20220918171414.0
006 a|||||r|||| 00| 0
007 ta
008 220917b |||||||| |||| 00| 0 eng d
020 _a9781780766638 (hbk)
_c5629.65
024 _a281,882
037 _bBBS10165, 27/03/2014, Better Book Services
_cTextual
040 _aARTS
_cARTS
_beng
041 _2eng
_aeng
082 _aV45.N1, Q3
100 _aMartin Vanessa
_936421
245 0 _aIran between Islamic natinalism and secularism
_b The constitutional revolution of 1906
260 _aLondon
_bI.B. Tauris UK
_c2013
300 _axiv,272p.
_ccm.
650 _aHISTORY
942 _hV45.N1, Q3
_cTEXL
_2CC
999 _c139454
_d139454